[Event "Olympiad-42"]
[Site "Baku"]
[Date "2016.09.11"]
[Round "9.1"]
[White "Ladva, Ottomar"]
[Black "Ftacnik, Lubomir"]
[Result "1/2-1/2"]
[WhiteElo "2501"]
[BlackElo "2548"]
[Annotator "Ftacnik,L"]
[PlyCount "88"]
[EventDate "2016.09.02"]
[EventType "team-swiss"]
[EventRounds "11"]
[EventCountry "AZE"]
[SourceTitle "CBM 175"]
[Source "ChessBase"]
[SourceDate "2016.11.10"]
[SourceVersion "1"]
[SourceVersionDate "2016.11.10"]
[SourceQuality "1"]
[WhiteTeam "Estonia"]
[BlackTeam "Slovakia"]
[WhiteTeamCountry "EST"]
[BlackTeamCountry "SVK"]

1. Nf3 Nf6 2. c4 c5 3. Nc3 e6 4. g3 b6 5. Bg2 Bb7 6. O-O Be7 7. d4 cxd4 8. Qxd4
d6 9. Bg5 a6 10. Bxf6 Bxf6 11. Qf4 Bxf3 12. exf3 $1 {This line is much more
challenging for Black than the responses with 12.Bxf3 or 12.Qxf3.} Ra7 13. Rad1
(13. Rfd1 Rd7 (13... Be7 14. Qd4 O-O 15. f4 $14 {Fominyh,A (2535)-Csom,I (2480)
/Rimavska Sobota 1991/ (1-0, 25)}) 14. Ne4 (14. Qe3 O-O 15. f4 g6 {Orzech,D 
(2466)-Kovacevic,S (2372)/Balaguer 2009/ (0-1, 23)} 16. h4 (16. Rac1 Qc7 17.
Na4 Rdd8 18. b4 Nd7 19. h4 Rb8 20. h5 Rfc8 21. hxg6 hxg6 22. Bf3 $14 {1-0 (36)
Antoniewski,R (2550)-Petrik,T (2519) Czechia 2013}) 16... h5 17. Ne4 $14 Bxb2
$6 18. Rab1 Bg7 19. Rxb6 $16 {[%csl Gb8,Gd6]}) (14. Qd2 O-O 15. f4 g6 16. Rac1
Qc7 17. Ne4 {1/2-1/2 (17) Alonso Rosell,A (2547)-Lopez Martinez,J (2535)
Barcelona 2013}) 14... Be7 15. Qe3 O-O 16. f4 g6 (16... Qc7 17. Rac1 Rc8 18. f5
exf5 19. Nc3 Qc5 20. Qd2 Qa5 21. Qd3 Bf8 22. Nd5 Nc6 23. Bh3 Ne5 24. Qe2 {
1-0 (24) Malakhov,V (2705)-Stella,A (2439) Plovdiv 2012} (24. Qb1 g6 25. b4 Qa3
26. Rc3 Qa4 27. Nxb6 {1-0 (27) Pantsulaia,L (2583)-Benidze,D (2473) Tbilisi
2015})) 17. Rac1 b5 (17... Qc7 18. h4 h5 19. f5 exf5 20. Nc3 Qc5 21. Qh6 Qe5
22. Re1 Qg7 23. Qd2 Bf6 24. b4 Rdd8 25. Nd5 Nd7 26. Red1 Kh7 27. Rc2 $14 {
1-0 (49) Ftacnik,L (2516)-Petrik,T (2536) Banska Stiavnica 2012}) 18. b3 bxc4
19. bxc4 Nc6 20. h4 h5 (20... Qc7 21. h5 Rb8 22. h6 Qd8 23. Qc3 Qf8 24. Nc5
Rdd8 25. Nxe6 fxe6 26. Bxc6 Qxh6 27. Re1 $16) (20... Qa5 21. Rb1 Rb8 22. Rxb8+
Nxb8 23. Rb1 Qc7 24. Qb6 $14) 21. Rb1 (21. Ng5 Rc7 (21... Na5 22. Qd3 Bxg5 23.
hxg5 $16) 22. Qb6 (22. c5 d5 23. Nxe6 fxe6 24. Qxe6+ Kg7 25. Rxd5 Qc8 26. Qe4
$44) 22... Qc8 23. Rb1 $14) 21... Na5 $1 (21... d5 $6 22. cxd5 Rxd5 23. Rxd5
exd5 24. Ng5 d4 25. Qe2 $16 {[%csl Ga6,Gc6,Gf7][%cal Gf4f5]}) 22. Qe2 Rc7 23.
Rd4 Rxc4 $6 (23... Nc6 $1 24. Rd3 Na5 25. Rc3 Qc8 26. Rbc1 Nb7 {[%cal Gb7c5]})
24. Rxc4 Nxc4 25. Qxc4 d5 26. Qxa6 dxe4 27. Bxe4 $14 {1-0 (80) Van Wely,L 
(2641)-Leko,P (2739) Wijk aan Zee 2010}) 13... Rd7 {The world champion
defended the position with the help of 13...Be7, but still suffered under
White's pressure.} (13... Be7 14. Qe3 O-O 15. f4 g6 16. h4 Nd7 17. Ne4 Nf6 18.
Ng5 Rc7 19. Bh3 h6 (19... Qb8 20. Rfe1 $14) 20. Nxf7 Kxf7 21. Bxe6+ Kg7 22.
Qxb6 $14 {Kramnik,V (2772)-Carlsen,M (2801)/Moscow blitz 2009 (0-1, 30)}) 14.
Qe3 (14. Ne4 Be7 15. Qe3 O-O 16. f4 b5 17. cxb5 axb5 18. f5 exf5 19. Nc3 Bf6
20. Nd5 Na6 21. Nxf6+ Qxf6 22. Bc6 Re7 23. Qd4 Qxd4 24. Rxd4 Rb8 25. Rfd1 g6
$11 {1/2-1/2 (39) Rusev,K (2561)-Grigorov,G (2490) Sunny Beach 2013}) 14... O-O
15. f4 g6 {[%mdl 4] Black has to choose the right moment for counterplay with
the move ...Qc7. One of the good opportunities was missed right now...} (15...
Qc7 16. Rd2 Qxc4 17. Qxb6 Bxc3 18. bxc3 Rfd8 19. Rb1 g6 20. Rb3 d5 21. Bf1 Qa4
22. h4 Rd6 $11 {0-1 (70) Bar,A (2086)-Nikolashvili,G (2294) Batumi 2010}) 16.
Ne4 Bg7 17. h4 b5 $6 (17... Qc7 $5 {Another moment for the unpleasant
counterplay against the c4-pawn with the queen, as it would hurt White more
than the pawn move:} 18. h5 (18. b3 Nc6 19. h5 Ne7 $11) 18... Qxc4 19. h6 Bh8
20. Nxd6 Qc7 21. Nb7 Qc2 $1 $11) 18. b3 bxc4 19. bxc4 Qc7 (19... Nc6 20. Qa3 (
20. h5 Na5 $11) 20... Nd4 21. Qxa6 Qc8 22. Qa4 Rfd8 $11) 20. h5 Qxc4 (20... a5
21. h6 Bh8 22. Rd2 Qxc4 23. Nxd6 Qc7 24. Ne4 $14) 21. h6 Bh8 22. Nxd6 Qxa2 $2 {
I was under the strange impression, that elimination of the a2-pawn is the
only chance to fight for real survival. The position might not have been
entirely pleasant, but 22...Qc7 was actually a necessary move.} (22... Qc7 23.
Ne4 $1 (23. Nb7 Rxd1 24. Rxd1 Nc6 25. Bxc6 Qxc6 $11) 23... Rfd8 24. Rc1 $14)
23. f5 $1 Rfd8 (23... exf5 24. Bd5 Qa4 25. Rfe1 (25. Bxf7+ Rdxf7 26. Nxf7 Kxf7
27. Rfe1 Re8 28. Qa7+ Kf6 (28... Kf8 29. Rd8) (28... Kg8 29. Rb1 $18) 29. Rxe8
Qxe8 30. Qd4+ Qe5 31. Qb4 $18) 25... Rxd6 26. Bxf7+ Rxf7 27. Rxd6 Bf6 28. Rb6
$18) 24. Rd2 $6 {Both players believed during the game that the rook move was
obvious and nearly forced. White could have shocked his opponent with the
extremely strong 24.Qg5! Black would not have been able to cope with multiple
white attacking threats.} (24. Qg5 $1 exf5 (24... Rxd6 $2 25. Qxd8+ Rxd8 26.
Rxd8#) (24... Qb3 25. Rfe1 (25. Nxf7 Kxf7 26. fxe6+ Qxe6 27. Qxd8 Rxd8 28. Rxd8
Nd7 (28... Bf6 29. Rxb8 $18) 29. Rxh8 Nf8 30. Rd1 Qe5 31. Bd5+ Ke7 32. Rg8 $16)
25... Bc3 26. Rb1 Qa3 27. Nxf7 Bxe1 28. Rxe1 Qa5 29. Re5 Qd2 30. Qxd2 Rxd2 31.
Nxd8 Rxd8 32. fxe6 $18) (24... Bc3 25. Bf3 Qb3 26. Rb1 Bb2 27. Nxf7 Kxf7 28.
fxe6+ Qxe6 (28... Kxe6 29. Qf4 $18) 29. Rxb2 $18) (24... f6 25. Qc1 $1 gxf5 26.
Nb7 Rf8 (26... Re8 27. Rxd7 Nxd7 28. Qc6 Qd2 29. Nc5 $18) 27. Nc5) 25. Bd5 Qc2
26. Rfe1 Nc6 (26... Rxd6 27. Qe7 $18) 27. Rc1 $18) (24. fxg6 hxg6 25. h7+ Kg7 (
25... Kxh7 $2 26. Nxf7 Rxd1 27. Qh6+ Kg8 28. Qxg6+ Kf8 29. Nxh8 $16) 26. Qd4+
e5 27. Qxe5+ Kxh7 28. Qf4 Be5 29. Qxe5 Qe6 $14) 24... Qxd2 $1 (24... Qa5 25.
fxe6 Re7 26. Rd5 Qb4 27. Nxf7 $18) 25. Qxd2 Rxd6 26. Qf4 (26. Qb4 exf5 27. Re1
R6d7 (27... Rd4 28. Qa5 Bf6 29. Bd5 $1 $16) 28. Kh2 Bf6 29. f4 $14) 26... Rd4 (
26... exf5 27. Re1 Rd4 28. Qc7 Bf6 29. Kh2 $14) 27. Qg5 exf5 28. Rc1 Rf8 $2 {
The low moment in the second part of the game; both players missed the danger
with the crucial f5-pawn.} (28... R4d6 $1 29. Bf1 Bf6 30. Qf4 Nc6 31. Bxa6 Ne5
$11) 29. Bh3 $2 {Ladva was not happy about this idea that misplaces the good
bishop.} (29. Rc5 $1 Nd7 (29... Rg4 30. Qe7 Bd4 31. Bd5 Bxc5 32. Qxc5 Re8 33.
Qc7 Rf8 34. Qe5 $18) 30. Rxf5 Re8 31. Rf4 $16) 29... Nd7 30. Qe3 (30. Bxf5 $2
Rd5 31. Qe7 Bf6 32. Qxd7 Rxd7 33. Bxd7 Bg5 $15) 30... Ne5 31. Qa3 Rd2 (31...
Ra8 32. Qxa6 Rdd8 $11) 32. Qxa6 Nf3+ $6 (32... Rdd8 $11) 33. Kh1 (33. Kg2 Bd4
34. Kh1 Ng5 $11) 33... Ng5 34. Bg2 $6 {The last moment to confront Black with
serious problems was missed with the unplayed move 34.Rc8! Now Black will be
able to regroup thereby getting an unbreakable position.} (34. Rc8 $1 Ne6 (
34... Nxh3 $2 35. Rxf8+ Kxf8 36. Qa3+ Ke8 37. Qe3+ $18) (34... Rd1+ 35. Kh2
Rdd8 36. Rxd8 Rxd8 37. Bg2 Ne6 38. Bf1 $16) 35. Bf1 Bf6 36. Rxf8+ Kxf8 37. Bd3
Bg5 38. Qc8+ Ke7 39. Qb7+ Kf6 40. Qb3 Bxh6 41. f4 Rxd3 42. Qxd3 Bg7 $16) 34...
Ne6 35. Rc8 Rxc8 36. Qxc8+ Rd8 37. Qb7 Bf6 {The worst is over and the position
is gravitating towards equality.} 38. f4 (38. Bd5 Rd6 39. Bxe6 fxe6 40. Qc7 Rd5
$11) 38... Rd1+ 39. Kh2 Rd2 40. Qa8+ Rd8 41. Qc6 Be7 42. Bd5 Rd6 43. Qa8+ Bf8
44. Bxe6 Rxe6 1/2-1/2

[Event "Budapest zt playoff"]
[Site "Budapest"]
[Date "1993.??.??"]
[Round "5"]
[White "Wojtkiewicz, Aleksander"]
[Black "Ftacnik, Lubomir"]
[Result "0-1"]
[WhiteElo "2580"]
[BlackElo "2535"]
[Annotator "Ftacnik,L"]
[PlyCount "116"]
[EventDate "1993.03.??"]
[EventType "tourn"]
[EventRounds "6"]
[EventCountry "HUN"]
[EventCategory "12"]
[SourceTitle "CBM 034"]
[Source "ChessBase"]
[SourceDate "1993.06.01"]
[SourceVersion "1"]
[SourceVersionDate "1993.06.01"]
[SourceQuality "1"]

1. Nf3 {Stohl} Nf6 2. c4 c5 3. Nc3 e6 4. g3 b6 5. Bg2 Bb7 6. O-O Be7 (6... a6 {
Stohl} 7. d4 (7. Re1 Be7 8. e4 d6 9. d4 cxd4 10. Nxd4 Qc7 11. Be3 O-O 12. Rc1
Re8 $5 13. f4 Bf8 14. Bf2 Nbd7 15. Qe2 g6 16. e5 Bxg2 17. Kxg2 dxe5 18. fxe5
Nh5 19. b3 Rac8 20. Nf3 $14 {פh5,Wojtkiewicz,A-Suba,M,Budapest zt-A 1993-CBM
34}) 7... cxd4 8. Qxd4 d6 9. Ng5 Bxg2 10. Kxg2 Nc6 $5 (10... Qc7 11. Nce4 Nxe4
12. Qxe4 $1 Qc6 13. Rd1 $14) 11. Qf4 (11. Qd2 Be7 12. b3 O-O 13. Rd1 Qc7 14.
Bb2 h6 15. Nge4 Rfd8 16. Kg1 Qb7 17. Nxf6+ Bxf6 18. Ne4 Bxb2 19. Qxb2 d5 $10 {
Gronn,A-Morris,P,Gausdal Troll 1992-TD 92_08}) 11... Be7 12. Nce4 O-O $1 13.
Nxf6+ Bxf6 14. Nxh7 Kxh7 15. Qe4+ Kg8 16. Qxc6 Rc8 17. Qe4 Qc7 18. Rd1 Qxc4 19.
Qxc4 Rxc4 20. Rxd6 b5 21. Rxa6 Rc2 22. Kf3 Rd8 23. Be3 Bxb2 24. Rb1 b4 $44 {
Adorjan,A-Suba,M,Budapest zt-A 1993-CBM 34}) 7. d4 cxd4 8. Qxd4 d6 9. Rd1 a6
10. Ng5 Bxg2 11. Kxg2 Nc6 (11... Ra7 $6 {Stohl} 12. Be3 $1 Nbd7 13. Nge4 O-O
14. Nxd6 Qa8+ 15. f3 Rd8 16. Nde4 $16 {Wojtkiewicz,A-Jurek,J,Bern op 1993}) 12.
Qf4 O-O 13. Nce4 (13. Nge4 Ne8 14. b3 Ra7 15. Bb2 Rd7 $10 16. Qe3 $2 d5 $1 17.
cxd5 exd5 18. Qd2 d4 19. Nb1 f5 20. Qc1 Rc7 $17 {Landenbergue,C-Gavrikov,V/
SWZ-GP Suhr/1991/}) 13... Ne8 $1 (13... Nxe4 $6 14. Nxe4 Ne5 15. b3 {/\ Ba3;
><d6}) 14. b3 Ra7 (14... b5 $5 15. cxb5 axb5 16. Nf3 (16. Bb2 $142 $13) (16.
Bb2 $142 $13 {Stohl}) 16... f5 17. Nc3 Nc7 18. Bb2 b4 19. Na4 Nd5 20. Qd2 Bf6
21. Rac1 Rc8 $10 {Olivier,P-Prie,E/Lugano op/1989/}) 15. Bb2 b5 $5 $146 (15...
Rd7 16. Rac1 Qa8 17. Kg1 b5 18. Nf3 bxc4 19. Rxc4 d5 20. Nc5 Rd8 21. Rcc1 Nf6
22. Qa4 Nb8 23. Be5 Rc8 $132 {Van der Sterren,P-Kindermann,S/Munich/1988/}) 16.
Nf3 (16. cxb5 $6 axb5 {/\ d5,Qa8|^}) 16... Qa8 (16... bxc4 $6 17. bxc4 $14 {
><d6, <->b}) 17. Rac1 h6 {/\ f5,e5,e4 |^[+]} 18. Ned2 (18. Nc3 Ne5 $5 $132 {
/\ Bg5}) 18... Rd7 19. Kg1 Qb7 20. Qe4 (20. Ba3 $5 Nf6 (20... Bf6 $6 21. Ne4 b4
22. Nxf6+ Nxf6 23. Bb2 $16) 21. Ne4 Nxe4 22. Qxe4 Rc8 $10) 20... bxc4 21. Qxc4
$8 (21. Nxc4 $2 d5 22. Qd3 Nb4 23. Qd2 Nxa2 $17) 21... Rc7 22. Qd3 (22. Qa4 $5
d5 (22... Nf6 23. Bxf6 Bxf6 24. Ne4) 23. Ne5 $36) 22... d5 23. Qb1 (23. e4 $5
Nb4 24. Qb1 (24. Rxc7 Nxc7 25. Qd4 Bf6 26. e5 Be7 $13) 24... Rxc1 25. Rxc1 Nf6
26. exd5 exd5 27. a3 Nc6 28. Qd3 Rd8 $13) (23. Ne5 Bf6 24. Ndf3 (24. Nxc6 Bxb2
25. Na5 Rxc1 26. Nxb7 Rxd1+ 27. Kg2 Bc1 28. Qc2 Rxd2 29. Qxc1 Rxe2 $17) 24...
Nb4 (24... Nd6 25. Nxc6 Bxb2 26. Na5 Qb6 27. Rxc7 Qxc7 28. Qxa6) 25. Qb1 $13)
23... Nf6 24. e4 Qb6 (24... Rd8 {/\} 25. exd5 Rxd5 $10) 25. exd5 exd5 (25...
Nxd5 26. Nc4 $36) (25... Ng4 $2 26. dxc6 $1 (26. Rf1 exd5 27. Qf5 Nf6 28. Bxf6
Bxf6 29. Qxd5 Nb4) 26... Qxf2+ 27. Kh1 Ne3 28. Rg1 $18) 26. Qf5 Rd8 27. Ne5 Bc5
28. Ndc4 $2 (28. Nd3 Nd4 (28... Bd4 29. Nf3 Bxb2 30. Nxb2 Ne4 31. Nd3 Rd6 $13)
29. Bxd4 Bxd4 $13) (28. Nxc6 Rxc6 29. Kg2 Re6 $36) (28. Kg2 Nd4 29. Qd3 Ne6 30.
f4 $13) (28. Nd3 $5 $14 {Stohl}) 28... dxc4 29. Nxc4 Rxd1+ (29... Qa7 30. Rxd8+
Nxd8 31. Bxf6 gxf6 32. Qxf6 Ne6 $15 33. Rd1) 30. Rxd1 Qa7 31. Bxf6 gxf6 32.
Qxf6 (32. Re1 Ne5 (32... Re7 $2 33. Qc8+ Kh7 34. Qf5+ Kg7 35. Qg4+ $10) (32...
Ne7 33. Qxf6 Bd4 34. Qf4 $17) 33. Nxe5 (33. Qxf6 Bxf2+ 34. Qxf2 Nf3+ 35. Kg2
Qxf2+ 36. Kxf2 Nxe1 37. Kxe1 Rd7 $19) 33... fxe5 34. Rxe5 Qb6 $17) 32... Bf8 $1
33. Ne3 Bg7 34. Qd6 Nd4 35. Qd8+ Kh7 36. Qd5 Qb7 $6 (36... Qc5 $17) (36... Qc5
$17 {Stohl}) 37. Rxd4 Bxd4 38. Qxd4 Rc1+ 39. Nf1 (39. Nd1 Qf3 $19) 39... Qf3 {
/\Qe2-+} 40. Qd7 Rc2 41. Nd2 Rc1+ (41... Qd1+ $2 42. Kg2 {/\ Qf7=}) 42. Nf1 Ra1
43. a4 (43. Qd2 Qd1 $1 44. Qxd1 Rxd1 45. Kg2 Ra1 46. a4 Rb1 47. Nd2 Rb2 48. Ne4
Rxb3 49. Nc5 Rb6 $19) 43... Rd1 44. Qa7 a5 $1 45. Qe7 (45. Qxa5 $2 Qd3 46. Qb5
Rxf1+ $19) 45... Kg6 $1 (45... Qxb3 $6 46. Qe4+ Kg7 47. Qg4+ $132) 46. h4 (46.
Qe8 Qd3 47. Qg8+ Kf6 48. Qh8+ Ke7 49. Qe5+ Kd7 50. Qb5+ Qxb5 51. axb5 Rb1 $19)
46... Rc1 $2 (46... Qd3 47. h5+ Kg7 48. Qe5+ Kh7 $19) (46... Kh5 47. Qc5+ Kg4
48. Kh2 $1 Rxf1 $140 49. Qc4+ Kh5 50. Qxf1) 47. Qd6+ Kh5 48. Qd7 Rd1 49. Qc8
Qd3 50. Qh3 Kg6 51. Qg2 Kg7 (51... Qxb3 52. Qe4+) 52. g4 Qxb3 53. Kh2 Qxa4 $19
54. Ng3 Qf4 55. Kh3 Rd3 56. Qg1 (56. Qf1 Rxg3+ $19) 56... Qf3 57. Qa1+ Kg8 58.
Qxa5 $2 (58. Qe1 Rd1 59. Qe8+ Kh7 60. Qe4+ Qxe4 61. Nxe4 a4 $19) 58... Qh1# 0-1

[Event "Banja Luka"]
[Site "Banja Luka"]
[Date "1976.??.??"]
[Round "4"]
[White "Andersson, Ulf"]
[Black "Marovic, Drazen"]
[Result "1-0"]
[WhiteElo "2585"]
[BlackElo "2485"]
[Annotator "Gagarin,V"]
[PlyCount "104"]
[EventDate "1976.12.??"]
[EventType "tourn"]
[EventRounds "15"]
[EventCountry "YUG"]
[EventCategory "10"]
[SourceTitle "MCL"]
[Source "ChessBase"]
[SourceDate "1999.07.01"]
[SourceVersion "1"]
[SourceVersionDate "1999.07.01"]
[SourceQuality "1"]

1. Nf3 b6 2. g3 Bb7 3. Bg2 c5 4. O-O Nf6 5. c4 g6 6. b3 Bg7 7. Bb2 O-O 8. Nc3
d5 $6 (8... Na6 $1 $10) 9. Nxd5 Nxd5 10. Bxg7 Kxg7 11. cxd5 Qxd5 12. d4 cxd4
13. Qxd4+ Qxd4 14. Nxd4 Bxg2 15. Kxg2 $14 Nd7 (15... a6 16. Rfc1 (16. Rac1 Ra7
17. Rc2 Rd8 18. e3 e5 19. Nf3 f6 20. g4 $1 Rd6 21. Rfc1 Nd7 22. Rc6 Rxc6 23.
Rxc6 Kf7 24. Nd2 Ke7 25. Ne4 Rb7 26. b4 $1 $16 {Andersson,U-Robatsch,K/Munich/
1979/1:0/33/}) 16... Ra7 17. e3 (17. Rc2 Rd8 18. e3 Kf8 (18... e5 19. Nf3 f6
20. Rac1 $16) 19. Rac1 Ke8 20. g4 $1 h6 21. h4 Rad7 22. f4 a5 23. Kf3 Rd6 24.
h5 $1 $16 {Andersson,U-Hort,V/Niksic/1978/0,5/53/}) 17... Rd7 18. Rc2 e5 19.
Nf3 f6 20. g4 $1 Kf7 21. g5 $16 {Szabo,L-Bisguier,A/Goteborg(izt)/1955/1:0/56/}
) (15... Na6 16. Rfd1 Rfc8 17. Rac1 Kf6 18. Nb5 $1 Nc5 (18... Rxc1 $142 19.
Rxc1 Nc5 20. b4 Ne6 $14 {Smyslov/}) 19. b4 $1 Ne6 20. Rxc8 Rxc8 21. Nxa7 $16 {
Smyslov,V-Castro,O/Biel(izt)/1976/1:0/31/}) (15... Rc8 16. Rac1 Nd7 17. Rfd1
Nc5 18. b4 $1 Na4 19. Nb5 $1 Rxc1 20. Rxc1 a5 21. a3 $1 $16 {Smyslov,V-Benko,P/
Monte-Carlo/1968/1:0/34/}) 16. Rfd1 (16. Rac1 Rfc8 17. Rfd1 Nc5 18. b4 $1 Ne4
19. Nb5 $1 Rxc1 20. Rxc1 a5 21. Rc4 $14 {Lisitsyn,G-Levenfish,G/URS(ch)/1948/0,
5/86/}) 16... Nf6 17. Nb5 $1 {׫/} Rfc8 18. Rac1 Rxc1 $1 (18... a6 $2 19. Nc7
Rab8 $8 20. Nxa6 Rxc1 21. Rxc1 Ra8 22. Nb4 $16) 19. Rxc1 a6 20. Nd4 Rd8 21. e3
Nd5 22. Rc6 Rd6 23. Rxd6 $1 exd6 24. Kf1 $14 {>< d6/} (24. g4 $5 Kf6 25. a3 h6
(25... a5 26. Kf3 Nc3 27. Nc6 Ke6 $14) 26. Kf3 Nc3 27. h4 d5 28. b4 $14) 24...
Kf8 25. Ke1 f5 26. Kd2 Ke8 27. Nc2 Kd7 28. Kd3 Nc7 29. e4 (29. Nd4 Ne6 30. f3
d5 $14) 29... fxe4+ 30. Kxe4 Ke6 31. Nd4+ Kf6 32. f4 d5+ 33. Ke3 Ke7 (33... Ne8
$5 34. g4 Nd6 35. h4 h6 36. Kd3 Ne4 $14) 34. Nf3 Ne6 35. g4 Kd6 36. f5 (36. b4
$5 $14) 36... gxf5 37. gxf5 Nd8 38. Kf4 Nf7 39. h4 h6 40. b4 $1 a5 (40... Ke7
$5 41. Ne5 Nd6 42. a4 Ne4 $14) 41. a3 axb4 42. axb4 Ke7 43. Ne5 Nd6 44. Ng4 Nf7
45. h5 $1 {>< h6/} Kd6 46. Ke3 $5 Ng5 $5 (46... Ke7 $1 47. Kd4 Kd6 $14 48. Ne3
$140 Ne5 $1 49. Nxd5 Nf3+ 50. Ke3 Kxd5 51. Kxf3 Ke5 52. Kg4 b5 53. f6 $1 Kxf6
54. Kf4 $10) 47. b5 $1 (47. Nxh6 $6 Ke5 $10) 47... Ne4 $4 (47... Nh3 $1 {>< f4/
} 48. Nxh6 Ke5 49. Nf7+ Kxf5 50. Nd6+ Ke5 51. Nc8 d4+ 52. Kd2 Kd5 53. Nxb6+ Kc5
54. h6 Ng5 55. Kd3 Kxb6 56. Kxd4 Kxb5 $10) 48. Kf4 $18 Ke7 49. Ke5 Ng3 50. f6+
Kd7 51. Ne3 d4 52. Nd5 d3 (52... d3 53. f7 d2 54. f8=Q d1=Q 55. Qe7+ Kc8 56.
Qc7#) 1-0

[Event "Beersheba"]
[Site "Beersheba"]
[Date "1976.??.??"]
[Round "8"]
[White "Tatai, Stefano"]
[Black "Hartston, William R"]
[Result "1-0"]
[WhiteElo "2465"]
[BlackElo "2445"]
[Annotator "Gagarin,V"]
[PlyCount "53"]
[EventDate "1976.03.??"]
[EventType "tourn"]
[EventRounds "11"]
[EventCountry "ISR"]
[EventCategory "8"]
[SourceTitle "MCL"]
[Source "ChessBase"]
[SourceDate "1999.07.01"]
[SourceVersion "1"]
[SourceVersionDate "1999.07.01"]
[SourceQuality "1"]

1. c4 c5 2. Nf3 Nf6 3. Nc3 e6 4. g3 b6 5. Bg2 Bb7 6. O-O Be7 7. d4 cxd4 8. Qxd4
O-O 9. Rd1 d6 10. e4 Nbd7 11. Qe3 a6 12. Nd4 Qc7 13. b3 Ng4 $6 (13... Rfe8 14.
Bb2 Bf8 15. Rac1 Rac8 16. h3 (16. Qe2 Qb8 $13) (16. Qd2 Nc5 17. Re1 Qb8 18. Re2
g6 19. Nc2 Bg7 20. Na3 Red8 $13 {Tseshkovsky,V-Dolmatov,S/URS(ch)/1979/0,5/46/}
) 16... Qb8 17. Re1 (17. Qd2 Ba8 18. Re1 Nc5 19. Kh2 Red8 20. Qe2 g6 21. Qe3
Bg7 22. Ba1 Re8 $13 {Meduna,E-Speelman,J/Europe(cht)/1977/0,5/73/}) 17... g6
18. Rcd1 Nc5 (18... Bg7 19. f4 e5 20. fxe5 Nxe5 21. Rf1 Bc6 22. a4 $6 Ba8 23.
Rf2 Nfd7 24. Rdf1 Nc5 $15 {Plaskett,J-Adams,M/Plymouth/1989/0:1/34/}) 19. f3
Bg7 20. Ba1 Ncd7 21. f4 e5 22. Nc2 exf4 23. Qxf4 Ne5 $13 {Karpov,An-Gheorghiu,
F/Leningrad/1977/1:0/41/}) 14. Qe2 Nge5 15. Bb2 $14 Rac8 (15... Rfe8 $5 $14)
16. f4 $1 Nc6 $6 (16... Ng6 $5 17. f5 exf5 18. exf5 Nge5 19. Nd5 Bxd5 20. Bxd5
$14) 17. Nd5 $1 $16 exd5 (17... Qd8 $6 18. Nxc6 Bxc6 19. Nxe7+ Qxe7 20. Qd2 $16
{>< d6/}) 18. Nxc6 Bxc6 (18... Qxc6 19. exd5 Qc5+ 20. Bd4 $16) 19. exd5 Rfe8 $2
(19... Bxd5 $1 20. Rxd5 $5 $16 (20. cxd5 $2 Bf6 $1 21. Bxf6 Nxf6 22. Qxa6 $2
Qc5+ 23. Kh1 Ng4 $17) (20. Bxd5 Bf6 $14) (20. Qxe7 Bxg2 21. Kxg2 Qb7+ $1 (21...
Rfe8 22. Qxd6 Re2+ 23. Kh3 Rxb2 24. Qxd7 $16) 22. Kg1 Rfe8 23. Qxd6 Re2 24. Qd5
Qxd5 25. Rxd5 Rxb2 26. Rxd7 Re8 $1 $44 {/\ h5, Ree2/})) 20. dxc6 Nb8 21. Qg4 f6
$2 (21... g6 22. f5 Nxc6 23. fxg6 hxg6 24. Bd5 $18) (21... Bf8 $142 {/\ Nc6/}
22. Qf5 $5 Re2 $1 (22... Re6 $2 23. Bd5 Rg6 24. Bxf7+ $1 Qxf7 25. Qxc8 Qxf4 26.
Qe6+ $18 (26. Qh3 $18)) (22... Qe7 $2 23. Bd4 Nxc6 24. Bxb6 $18) 23. Bc3 $5 (
23. Be4 g6 24. Qf6 Rxb2 25. Qxb2 Bg7 26. Qa3 Bxa1 27. Rxa1 a5 28. Rd1 Rd8 $16)
23... Rce8 24. Qd5 Rc8 25. Bf3 Ree8 (25... Re7 26. Bb4 $18) (25... Re3 26. Rd3
$16) 26. Qf5 Re3 $1 27. Rd3 (27. Be4 g6 28. Qf6 Rxc3 29. Qxc3 Bg7 30. Qd2 Bxa1
31. Rxa1 Nxc6 $16) 27... Rxd3 28. Qxd3 Nxc6 $16) 22. Bd5+ $18 Kh8 23. Bf7 Rf8
24. Qh5 Nxc6 25. Bg6 h6 26. Bf5 $1 Kg8 27. Qg6 {/\ 28.Qh7 Kf7 29.Re1+-/} 1-0